LEADER 00895nam0-22002771i-450- 001 990006294440403321 005 19980601 035 $a000629444 035 $aFED01000629444 035 $a(Aleph)000629444FED01 035 $a000629444 100 $a19980601d1944----km-y0itay50------ba 105 $a--------00-yy 200 1 $aLimiti e scelta nella ricostruzione economica$eprolusione al corso di Politica Economica presso la R. Universita' di Napoli, letta il 10 maggio 1944$fEpicarmo Corbino. 210 $aNapoli$cEdit. Pasq. Pironti$d1944 215 $a30 p.$d20 cm 676 $a330 700 1$aCorbino,$bEpicarmo$f<1890-1984>$068068 801 0$aIT$bUNINA$gRICA$2UNIMARC 901 $aBK 912 $a990006294440403321 952 $aBUSTA 20 (16) 5$b33081$fFGBC 959 $aFGBC 996 $aLimiti e scelta nella ricostruzione economica$9642064 997 $aUNINA DB $aGIU01 LEADER 02577nam 2200553 450 001 9910813137903321 005 20230801232931.0 010 $a1-61711-691-2 035 $a(CKB)3710000000073470 035 $a(EBL)3404696 035 $a(SSID)ssj0001059525 035 $a(PQKBManifestationID)11695198 035 $a(PQKBTitleCode)TC0001059525 035 $a(PQKBWorkID)11079507 035 $a(PQKB)11191199 035 $a(MiAaPQ)EBC3404696 035 $a(EXLCZ)993710000000073470 100 $a20110705h20122012 uy| 0 101 0 $aeng 135 $aur|n|---||||| 181 $ctxt 182 $cc 183 $acr 200 00$aCorneal topography $ea guide for clinical application in the wavefront era /$feditor: Ming Wang ; co-editor: Tracy Schroeder Swartz 205 $a2nd ed. 210 1$aThorofare, New Jersey :$cSLACK Inc.,$d[2012] 210 4$dİ2012 215 $a1 online resource (283 p.) 300 $aRev. edition of: Corneal topography in the wavefront era / edited by Ming Wang ; coordinated by Tracy Swartz. c2006. 311 $a1-55642-970-3 320 $aIncludes bibliographical references. 327 $aHistory / Tracy Schroeder Swartz ... [et al.] -- Corneal anatomy and optics / Ashkan M. Abbey, and Sonia H. Yoo -- Maps and scales / Tracy Schroeder Swartz ... [et al.] -- Topographic technologies / Tracy Schroeder Swartz ... [et al.] -- Placido disk-based topographic systems -- Tomographers -- Topography and wavefront combined systems -- Topography in corneal diseases / Gaurav Prakash and Amar Agarwal -- Topography-guided contact lens fitting / Shawna Hill Vanderhoof ... [et al.] -- Pre-refractive surgery topographic evaluation / J. Bradley Randleman -- Topography-guided custom ablation / Tracy S. Swartz ... [et al.] -- Combined consideration of corneal topography and wavefront data in planning keratorefractive treatment / Noel Alpins and George Stamatelatos -- Corneal topography: what will the upcoming decade bring? / Lance Kugler and Ming Wang. 606 $aCorneal topography 606 $aCornea$xPathophysiology 606 $aCornea$xSurgery 615 0$aCorneal topography. 615 0$aCornea$xPathophysiology. 615 0$aCornea$xSurgery. 676 $a617.719 701 $aWang$b Ming X.$f1960-$01596771 701 $aSwartz$b Tracy Schroeder$01596772 701 $aWang$b Ming X.$f1960-$01596771 801 0$bMiAaPQ 801 1$bMiAaPQ 801 2$bMiAaPQ 906 $aBOOK 912 $a9910813137903321 996 $aCorneal topography$93972305 997 $aUNINA LEADER 03865nam 2200745Ia 450 001 9910963163003321 005 20251117082317.0 010 $a1-135-17333-8 010 $a1-135-17334-6 010 $a1-282-50355-3 010 $a9786612503559 010 $a0-203-86094-2 024 7 $a10.4324/9780203860946 035 $a(CKB)2550000000006766 035 $a(EBL)481112 035 $a(OCoLC)575172527 035 $a(SSID)ssj0000344468 035 $a(PQKBManifestationID)11251209 035 $a(PQKBTitleCode)TC0000344468 035 $a(PQKBWorkID)10307159 035 $a(PQKB)10078081 035 $a(SSID)ssj0000444761 035 $a(PQKBManifestationID)12160638 035 $a(PQKBTitleCode)TC0000444761 035 $a(PQKBWorkID)10470457 035 $a(PQKB)10500390 035 $a(MiAaPQ)EBC481112 035 $a(Au-PeEL)EBL481112 035 $a(CaPaEBR)ebr10361669 035 $a(CaONFJC)MIL250355 035 $a(EXLCZ)992550000000006766 100 $a20090611d2010 uy 0 101 0 $aeng 135 $aur|n|---||||| 181 $ctxt 182 $cc 183 $acr 200 00$aWhose public space? $einternational case studies in urban design and development /$fedited by Ali Madanipour 205 $a1st ed. 210 $aLondon ;$aNew York $cRoutledge$d2010 215 $a1 online resource (284 p.) 300 $aDescription based upon print version of record. 311 08$a0-415-55386-5 311 08$a0-415-55385-7 320 $aIncludes bibliographical references. 327 $aBook Cover; Title; Copyright; Contents; Figures; Tables; Contributors; Chapter 1 Introduction; Part I The changing nature of public space in city centres; Chapter 2 Less public than before? Public space improvement in Newcastle city centre; Chapter 3 Youth participation and revanchist regimes: Redeveloping Old Eldon Square, Newcastle upon Tyne; Chapter 4 Can public space improvement revive the city centre? The case of Taichung, Taiwan; Chapter 5 Change in the public spaces of traditional cities: Zaria, Nigeria; Part II Public space and everyday life in urban neighbourhoods 327 $aChapter 6 Marginal public spaces in European citiesChapter 7 Gating the streets: The changing shape of public spaces in South Africa; Chapter 8 Public spaces within modern residential areas in Jeddah, Saudi Arabia; Chapter 9 The design and development of public open spaces in an Iranian new town; Chapter 10 Making public space in low-income neighbourhoods in Mexico; Chapter 11 Co-production of public space in Nord-Pas-de-Calais: Redefinition of social meaning; Chapter 12 Whose public space?; References; Index 330 $aPublic spaces mirror the complexities of urban societies: as historic social bonds have weakened and cities have become collections of individuals public open spaces have also changed from being embedded in the social fabric of the city to being a part of more impersonal and fragmented urban environments. Can making public spaces help overcome this fragmentation, where accessible spaces are created through inclusive processes? This book offers some answers to this question through analysing the process of urban design and development in international case studies, in which the changing char 606 $aPublic spaces$xSocial aspects$vCase studies 606 $aCity planning$vCase studies 606 $aSociology, Urban$vCase studies 606 $aHuman territoriality$vCase studies 615 0$aPublic spaces$xSocial aspects 615 0$aCity planning 615 0$aSociology, Urban 615 0$aHuman territoriality 676 $a711/.55 701 $aMadanipour$b Ali$0144702 801 0$bMiAaPQ 801 1$bMiAaPQ 801 2$bMiAaPQ 906 $aBOOK 912 $a9910963163003321 996 $aWhose public space$94486589 997 $aUNINA